Teach Yourself Japanese (Record no. 362828)

MARC details
000 -LEADER
fixed length control field 003350000a22001450004500
005 - DATE AND TIME OF LATEST TRANSACTION
control field 20120302064708.0
040 ## - CATALOGING SOURCE
Original cataloging agency Eng
100 ## - MAIN ENTRY--PERSONAL NAME
Personal name Ganguly, Anand
245 ## - TITLE STATEMENT
Title Teach Yourself Japanese
260 ## - PUBLICATION, DISTRIBUTION, ETC. (IMPRINT)
Place of publication, distribution, etc Delhi: Gyan Sagar Publications,2002
300 ## - PHYSICAL DESCRIPTION
Extent 112 p.
365 ## - TRADE PRICE
Price amount Rs.70/ -
650 ## - SUBJECT ADDED ENTRY--TOPICAL TERM
Topical term or geographic name as entry element language/ Japanese
942 ## - ADDED ENTRY ELEMENTS (KOHA)
Koha item type Book
Holdings
Withdrawn status Lost status Damaged status Not for loan Home library Current library Date acquired Total Checkouts Barcode Date last seen Price effective from
        Institute For Oriental Study, Thane Institute For Oriental Study, Thane 12/02/2009   IOS-E 23882 12/02/2009 12/02/2009